|
|
|
|
| LEADER |
00000nam a2200000Ia 4500 |
| 008 |
170711b2004 cr ||||| |||| 00| | spa d |
| 999 |
|
|
|c 782
|d 782
|
| 020 |
|
|
|a 996823
|
| 090 |
|
|
|a 06.05.04
|b 1160 CD #76
|
| 110 |
1 |
|
|9 545
|a Costa Rica. Ministerio de Educación Pública
|
| 245 |
1 |
0 |
|a Acurrucándonos dentro de mamá: Fascículo para la familia /
|c Ministerio de Educación Pública
|
| 260 |
|
|
|a San José, Costa Rica :
|b ICER,
|c 2004
|
| 300 |
|
|
|a 32 páginas;
|b Acompaña Cd
|
| 490 |
|
|
|a Serie Ventanas al Mundo Infantil,
|v 1
|
| 500 |
|
|
|a Convenio PROMECE/MEP-ICER. Contiene CD de Audio del Programa para la Mediación 1. Regalo de Navidad 2. Así soy 3.Cuidados durante el embarazo 4. Un regalo para siempre 5. Nacimiento de José Pablo
|
| 650 |
1 |
4 |
|a FAMILIA
|9 404
|
| 650 |
1 |
4 |
|a DESARROLLO DEL NIÑO
|9 723
|
| 942 |
|
|
|i 001957 ,001876
|h 06.05.04 1160 CD #76
|2 z
|c 01
|